000 00495nam a2200193Ia 4500
003 OSt
005 20260207113941.0
008 250729s2007 xx 000 0 und d
040 _cAL
041 _akan
082 _a373.011 DESM
100 _aದೇಸಾಯಿ ಎಸ್ ಜಿ
_9228618
245 _aಮೌಲ್ಯ ಶಿಕ್ಷಣ
260 _aಗದಗ
_c2007
300 _a253p
650 _aValue Education
_9228619
700 _aದೇo Digumurthi
_9228620
942 _2ddc
_cBED
999 _c238057
_d238057